Obras escogidas: filosofía

Tallennettuna:
Bibliografiset tiedot
Päätekijä: Descartes, René (autor)
Aineistotyyppi: Kirja
Kieli:espanja
Julkaistu: Buenos Aires Schapire 1965
Aiheet:
Tagit: Lisää tagi
Ei tageja, Lisää ensimmäinen tagi!

MARC

LEADER 00000nam a2200000 a 4500
001 UCZ3408
003 CL-VaPUC
008 951020e19650000AG |||||||||||||||||spa|d
082 0 4 |a 141  |b DES  |2 21 
100 |a Descartes, René  |e autor  |9 265906 
245 1 0 |a Obras escogidas: filosofía 
300 |a 264 p 
942 |c BK 
945 |d 19951020 00:00:00  |a cmena 
260 |a Buenos Aires  |b Schapire  |c 1965 
650 0 |a Racionalismo  |9 259116 
650 0 |a Filosofía francesa   |9 255698 
650 0 |a Metafísica  |9 265649 
650 0 |a Naturaleza humana   |9 308593 
650 0 |a Filosofía del espíritu  |9 320175 
583 |a last modification  |c 19951020 00:00:00  |k Rodrigo Vera 
999 |c 239888  |d 239886 
952 |0 0  |1 0  |4 0  |6 141_000000000000000_DES_1965  |7 0  |8 P  |9 251351  |a BIBEDU  |b BIBEDU  |c BIBEDU_PB  |d 2019-11-18  |i 1587595  |o 141 DES 1965  |p 1587595  |r 2024-01-25  |w 2019-11-18  |y BK  |k FIL